Trestný poriadok v znení účinnom od 1. marca 2011

Bibliographic Details
Corporate Author: Slovensko (Author)
Format: Book
Language:Slovak
PhysicalDescription:269 s. 21 cm
Published: Bratislava Iura edition 2011
ISBN:9788080783884
Edition:4. vyd.
Subjects:

MARC

LEADER 00000cam a2200000 a 4500
001 vtls010287656
003 SK-MaSNL
005 20260425223130.0
008 190927t2011 xo f l 000 0 slo
015 |a SNBI2011/04-03075 
020 |a 9788080783884  |q (brož.) 
035 |a 18764D26-2A60-4AB4-9FA2-A88895DA52C7 
035 |a urn:nbn:sk:snk-amji69 
035 |a urn:nbn:sk:snk-am001ys5 
040 |a SNK  |b slo  |c SNK  |e AACR2 
041 0 |a slo 
043 |a e-xo--- 
044 |a xo  |c SK 
072 7 |a 343  |x Trestné právo  |2 konspekt 
080 |a 343.13  |2 2001 
080 |a (437.6)  |2 2001 
080 |a (094.5)  |2 2001 
110 1 |a Slovensko  |4 aut  |9 266955 
240 1 0 |a Trestný poriadok (2005, novela 2011) 
245 1 0 |a Trestný poriadok v znení účinnom od 1. marca 2011 
250 |a 4. vyd. 
260 |a Bratislava  |b Iura edition  |c 2011 
300 |a 269 s.  |c 21 cm 
650 0 7 |a trestné konanie  |2 SNKPH  |9 2380 
650 0 7 |a Criminal proceedings  |2 SNKPHeng  |9 325567 
651 7 |a Slovensko  |2 SNKPH  |9 14231 
651 7 |a Slovakia  |2 SNKPHeng  |9 92630 
655 7 |a zákony  |2 SNKPH  |9 70186 
655 7 |a Laws  |2 SNKPHeng  |9 266957 
852 |a Štátna vedecká knižnica v Banskej Bystrici 
919 |a 978-80-8078-388-4 
958 |a OND 
999 |c 577441  |d 579371 
952 |a SNK  |b SNK  |y VYP  |7 0  |p 17A0707288  |o snkSC 146054 D1  |i snk2011/15120  |8 0  |0 0  |1 0  |4 0  |d 2011-07-04  |f 1  |l 0  |r 2026-02-23 14:38:15  |w 2026-02-23 
952 |a SNK  |b SNK  |y PREZ  |7 0  |p 17A0707287  |o snkSC 146054  |i snk2011/15119  |8 0  |0 0  |1 0  |4 0  |d 2011-07-04  |l 0  |r 2025-07-15 00:00:00  |w 2026-02-23